| Tag |
First Indicator |
Second Indicator |
Subfields |
| LEADER |
00000pam a2200000 a 4500 |
| 001 |
in00000095460 |
| 005 |
20150923173554.0 |
| 008 |
800923s1981 mau b 00110 engm |
| 010 |
|
|
|a 80024605
|
| 020 |
|
|
|a 0870731726 :
|c $15.50
|
| 020 |
|
|
|a 0870731734 (pbk.) :
|c $8.95
|
| 035 |
|
|
|a (OCoLC)06914688
|
| 035 |
|
|
|9 AAK8101AM
|
| 040 |
|
|
|a DLC
|c DLC
|d m.c.
|d TXA
|d UtOrBLW
|
| 043 |
|
|
|a n-us---
|
| 049 |
|
|
|a TXAM
|c [1362645]
|
| 050 |
0 |
0 |
|a HD6095
|b R59 1981
|
| 082 |
0 |
|
|a 331.4/072073
|2 19
|
| 100 |
1 |
|
|a Roby, Pamela A.
|
| 245 |
1 |
0 |
|a Women in the workplace :
|b proposals for research and policy concerning the conditions of women in industrial and service jobs /
|c by Pamela Roby.
|
| 264 |
|
1 |
|a Cambridge, Mass. :
|b Schenkman Pub. Co.,
|c [1981]
|
| 264 |
|
4 |
|c ©1981
|
| 300 |
|
|
|a vii, 138 pages ;
|c 22 cm.
|
| 336 |
|
|
|a text
|b txt
|2 rdacontent
|
| 337 |
|
|
|a unmediated
|b n
|2 rdamedia
|
| 338 |
|
|
|a volume
|b nc
|2 rdacarrier
|
| 504 |
|
|
|a Includes bibliographical references and index.
|
| 650 |
|
0 |
|a Women
|x Employment
|z United States
|x Research.
|
| 999 |
|
|
|a MARS
|
| 999 |
f |
f |
|s b68ae9df-c9d2-35d0-bf45-a773cd4ebca0
|i 371f78b4-a83b-3f6b-b11c-cd49005c57a9
|t 0
|
| 952 |
f |
f |
|p ric
|a Texas A&M University
|b Rellis Campus
|c Joint Library Facility
|d Remote Storage
|t 0
|e HD6095 R59 1981
|h Library of Congress classification
|i unmediated -- volume
|m A14806022984
|
| 998 |
f |
f |
|a HD6095 R59 1981
|t 0
|l Remote Storage
|